000 00307nam a22001457a 4500
008 180813b xxu||||| |||| 00| 0 eng d
020 _a9781590186718
041 _aeng
080 _a616.8
082 _a616.8
100 _a7
101 _aTRU
245 _aBrain tumors
_cClark.A.D
942 _2udc
_cBK
999 _c47057
_d47057